Magic flute II

Hlavní autor: Ball, Richard
Jazyk: Nelze použít, není lingvistický obsah
Vydáno: Praha : Multisonic, p1990
Témata:
Externí odkaz: Digitalizovaný dokument
Fyzický popis: 1 LP deska : 33 ot/min, stereo ; 30 cm
Zvukové nahrávky
Uloženo v:
LEADER 01251njm a2200409 a 4500
001 000264979
003 CZ BrMZK
005 20160510075154.0
008 950101s1990 xr f zxx d
028 0 3 |a 31 0027-1 331  |b Multisonic 
040 |a BOA001  |b cze 
080 |a 788.5(086.7)  |2 MRF 
100 1 |a Ball, Richard  |7 xx0065689  |4 prf 
245 1 0 |a Magic flute II  |h [zvukový záznam] /  |c Richard Ball. 
246 3 3 |a Sympathy 
246 3 3 |a Pond 
246 3 3 |a Vagabundo 
246 3 3 |a Afro-Lambada-Ahoi 
246 3 3 |a Dusty 
246 3 3 |a Espada 
246 3 3 |a Flamingo 
246 3 3 |a India jorney 
246 3 3 |a Inkas 
246 3 3 |a Pangea 
246 3 3 |a Rainy day 
246 3 3 |a Russian roulette 
260 |a Praha :  |b Multisonic,  |c p1990 
300 |a 1 LP deska :  |b 33 ot/min, stereo ;  |c 30 cm 
500 |a Durata neuv 
500 |a Nahr. neuv 
505 2 |a Afro-Lambada-Ahoi, Dusty, Espada ... [et al.] 
653 0 |a Panova flétna 
856 4 1 |u http://www.digitalniknihovna.cz/mzk/uuid/uuid:2cb0c23f-e0bd-4d44-8419-a5502207ffe2  |y Digitalizovaný dokument 
910 |a BOA001  |b LP-0000.126 
964 |a Flétna Panova  |x LP 
990 |a AV 
996 6 |b 261H000128  |c LP-0000.126  |l MZK  |r Sklad / do 24 hodin  |n 0  |w 000264979  |u 000010  |a 1  |e BOA001  |j MZK50  |s P